[Event "Rhein Main op-B 18th"]
[Site "Bad Homburg"]
[Date "2015.06.06"]
[Round "6"]
[White "Achtmann, Armin Ludwig"]
[Black "Bajorski, Marius"]
[Result "1-0"]
[WhiteElo "1967"]
[BlackElo "1759"]
[PlyCount "103"]
[EventDate "2015.06.03"]
[EventType "swiss"]
[EventRounds "7"]
[EventCountry "GER"]
[SourceTitle "CBM 167 Extra"]
[Source "ChessBase"]
[SourceDate "2015.09.14"]
[SourceVersion "1"]
[SourceVersionDate "2015.09.14"]
[SourceQuality "1"]

1. b4 e5 2. Bb2 Bxb4 3. f4 exf4 4. Bxg7 Qh4+ 5. g3 fxg3 6. Bg2 gxh2+ 7. Kf1 hxg1Q+ 8. Kxg1 Qg4 9. Bxh8 Qg6 10. Nc3 Nc6 11. Nd5 Ba5 12. e3 Nb4 13. Nxb4 Bxb4 14. c3 Be7 15. Qh5 Qxh5 16. Rxh5 h6 17. Rf1 c6 18. Be4 Bg5 19. Bh7 Kf8 20. Bxg8 Kxg8 21. Bf6 d5 22. Bxg5 hxg5 23. Rxg5+ Kf8 24. Rh5 Kg7 25. Rf2 Be6 26. Rfh2 Rg8 27. Rg5+ Kf8 28. Rxg8+ Kxg8 29. d4 Kg7 30. Kf2 Kg8 31. Kg3 Kg7 32. Kf4 f6 33. Rb2 Bc8 34. a4 a6 35. a5 Kg6 36. e4 dxe4 37. Kxe4 Kf7 38. d5 cxd5+ 39. Kxd5 Ke7 40. Kc5 f5 41. Kb6 Kd7 42. Rd2+ Ke7 43. Kc7 Be6 44. Kxb7 Bc4 45. Rd4 Bb5 46. c4 Ke6 47. cxb5 axb5 48. Rb4 Ke5 49. Rxb5+ Ke4 50. a6 f4 51. a7 f3 52. a8Q 1-0

[Event "Rhein Main op-B 18th"]
[Site "Bad Homburg"]
[Date "2015.06.04"]
[Round "3"]
[White "Achtmann, Armin Ludwig"]
[Black "Cawston, M John"]
[Result "1/2-1/2"]
[WhiteElo "1967"]
[BlackElo "1824"]
[PlyCount "80"]
[EventDate "2015.06.03"]
[EventType "swiss"]
[EventRounds "7"]
[EventCountry "GER"]
[SourceTitle "CBM 167 Extra"]
[Source "ChessBase"]
[SourceDate "2015.09.14"]
[SourceVersion "1"]
[SourceVersionDate "2015.09.14"]
[SourceQuality "1"]

1. b4 e5 2. Bb2 Bxb4 3. f4 Nc6 4. fxe5 f6 5. Nf3 fxe5 6. Nxe5 Nxe5 7. Bxe5 Nf6 8. c4 0-0 9. Qb3 Be7 10. Nc3 d6 11. Bg3 c6 12. e3 Kh8 13. Be2 b6 14. 0-0 Be6 15. a4 Qd7 16. d4 d5 17. cxd5 Nxd5 18. Nxd5 Bxd5 19. Qd3 Qe6 20. Be5 c5 21. Bf3 Bxf3 22. Rxf3 Rxf3 23. gxf3 Rd8 24. Qe4 Kg8 25. Rd1 cxd4 26. exd4 Rd5 27. Rc1 Bc5 28. Bxg7 Qxe4 29. fxe4 Bxd4+ 30. Bxd4 Rxd4 31. Rc8+ Kg7 32. Rc7+ Kg6 33. Rxa7 Rxe4 34. Ra6 Kf5 35. Kf2 Rb4 36. Ra7 h5 37. Kg3 Kg5 38. Rg7+ Kf6 39. Ra7 Kg5 40. Rg7+ Kf6 1/2-1/2

[Event "Rhein Main op-B 18th"]
[Site "Bad Homburg"]
[Date "2015.06.03"]
[Round "1"]
[White "Achtmann, Armin Ludwig"]
[Black "Meyer, Marcel"]
[Result "1-0"]
[WhiteElo "1967"]
[BlackElo "1694"]
[PlyCount "21"]
[EventDate "2015.06.03"]
[EventType "swiss"]
[EventRounds "7"]
[EventCountry "GER"]
[SourceTitle "CBM 167 Extra"]
[Source "ChessBase"]
[SourceDate "2015.09.14"]
[SourceVersion "1"]
[SourceVersionDate "2015.09.14"]
[SourceQuality "1"]

1. b4 e5 2. Bb2 Bxb4 3. f4 Nc6 4. fxe5 Nge7 5. Nf3 0-0 6. e4 Ng6 7. Bc4 Re8 8. 0-0 Na5 9. Bxf7+ Kxf7 10. Ng5+ Kg8 11. Qh5 1-0

[Event "Rhein Main op-B 17th"]
[Site "Bad Homburg"]
[Date "2014.06.18"]
[Round "1"]
[White "Friedel, Thomas"]
[Black "Achtmann, Armin Ludwig"]
[Result "0-1"]
[WhiteElo "1588"]
[BlackElo "1981"]
[PlyCount "62"]
[EventDate "2014.06.18"]
[EventType "swiss"]
[EventRounds "9"]
[EventCountry "GER"]
[SourceTitle "CBM 161 Extra"]
[Source "ChessBase"]
[SourceDate "2014.08.29"]
[SourceVersion "1"]
[SourceVersionDate "2014.08.29"]
[SourceQuality "1"]

1. e4 c6 2. d4 d5 3. e5 c5 4. c3 Nc6 5. Bb5 Qb6 6. Qa4 Bd7 7. dxc5 Qc7 8. f4 e6 9. Be3 a6 10. Nf3 Nxe5 11. Bxd7+ Nxd7 12. Ne5 Rc8 13. Nxd7 Qxd7 14. Qxd7+ Kxd7 15. b4 Ne7 16. Bd4 h5 17. Nd2 Nf5 18. Nf3 f6 19. Kf2 b6 20. cxb6 Bd6 21. g3 Nxd4 22. cxd4 Bxb4 23. Rhc1 Rc6 24. Rxc6 Kxc6 25. b7 Rb8 26. Rc1+ Kxb7 27. Rb1 Kc7 28. Ke2 Ba5 29. Rb3 Rb4 30. Rxb4 Bxb4 31. a4 Kb6 0-1